| 000 | 01376nam a2200277Ia 4500 | ||
|---|---|---|---|
| 999 |
_c54784 _d54784 |
||
| 001 | 21852 | ||
| 003 | GE_BSU | ||
| 005 | 20220524155955.0 | ||
| 008 | 181216s ||||ge |||||||||||||| ||geo|| | ||
| 020 | _a9994083619 | ||
| 040 | _cGE_BSU | ||
| 041 | _ageo | ||
| 080 | _a811.353.1-8(075.3) რ-21 | ||
| 100 |
_aრამიშვილი, ვალერიან _91173 |
||
| 245 |
_aქართული ენა : _bმე-4 კლასის სახელმძღვანელი / _cვალერიან რამიშვილი, შ. თაბუკაშვილი, თ. ჩერქეზიშვილი ; რედ. ნ. ჭყოიძე ; მხატვრ. ბ. ბერძენიშვილი და სხვ. |
||
| 264 |
_aთბილისი : _bაისი, _c2006. |
||
| 300 |
_a208 გვ. ; _c21 სმ. |
||
| 541 | _h7ლ.50თ. | ||
| 653 | _aქართული ენა | ||
| 653 | _aმე-4 კლასის სახელმძღვანელო | ||
| 700 |
_aთაბუკაშვილი, შ. _eავტორი _913826 |
||
| 700 |
_aჩერქეზიშვილი, თ. _eავტორი _913827 |
||
| 700 |
_aჭყოიძე, ნ. _eრედაქტორი _99559 |
||
| 700 |
_aბერძენიშვილი. ბ. _eმხატვარი _99926 |
||
| 942 |
_cBK _2udc |
||